[Event "32nd Reykjavik Open 2017"]
[Site "Reykjavik"]
[Date "2017.04.26"]
[Round "9"]
[White "Friedel, Joshua E"]
[Black "Movsesian, Sergei"]
[Result "0-1"]
[WhiteElo "2524"]
[BlackElo "2677"]
[Annotator "TA"]
[PlyCount "86"]
[EventDate "2017.??.??"]
[EventType "swiss"]
[EventCountry "ISL"]
[SourceTitle "playchess.com"]
[Source "ChessBase"]
[SourceQuality "1"]

{[%evp 27,86,-7,18,-12,18,14,12,0,6,0,15,0,0,-7,-8,-12,-16,-25,-19,-6,0,-22,-16,-98,-89,-99,-81,-111,-63,-133,-142,-190,-190,-190,-172,-181,-166,-218,-220,-248,-253,-252,-254,-229,-76,-316,-312,-387,-322,-996,-301,-249,-243,-380,-377,-423,-415,-1031,-1013,-29963,-29963]} 1. d4 Nf6 2. c4 e6 3. Nc3 Bb4 4. Nf3 d5 5. cxd5 exd5 6. Qa4+ Nc6 7. Bg5 h6 8. Bxf6 Qxf6 9. e3 O-O 10. Be2 Rd8 11. O-O {D38: Queen's Gambit Declined: Ragozin Defence (4 Nf3 Bb4)} a6 ({Relevant:} 11... Bf8 12. Rfc1 Ne7 13. b4 a6 14. Qb3 c6 15. Na4 Bg4 16. Nc5 Ra7 17. a4 Nc8 18. Ra2 Bxf3 19. Bxf3 {½-½ (63) Kramnik,V (2783)-Aronian,L (2815) Stavanger 2014}) 12. Rfc1 Be6 13. Qd1 Bd6 14. Na4 Ne7 {[%cal Bc6e7,Be7g6,Bg6f8,Bf8h7,Bh7f6,Bf6e4][%mdl 32] LiveBook: 7 Games} 15. Nc5 Bc8 16. b4 Ng6 17. Ne1 $146 ({Predecessor (4):} 17. a4 Rb8 18. b5 a5 19. Qd2 Bf5 20. Nd3 Ra8 21. Nc5 Rab8 22. Nd3 Ra8 23. Nc5 Rab8 {½-½ (23) Karason,A (2253)-Henrichs,T (2492) Reykjavik 2014}) 17... Qe7 18. g3 Nf8 19. a4 Nh7 20. Ned3 Nf6 21. b5 axb5 22. axb5 Rxa1 23. Rxa1 b6 {[%cal Bb7b6,Bb6c5,Bc5c4][%mdl 32]} 24. Na6 Ne4 25. Rc1 (25. Qb3 $11 {keeps the balance.}) 25... c5 $17 26. dxc5 bxc5 27. Bf3 Bb7 28. Bg2 (28. Nf4 $2 d4 $1 {[%mdl 512]} 29. exd4 Bxf4 30. gxf4 Rxd4 $19) (28. Qe2 $15) 28... c4 $36 {[%mdl 2048] Black has strong initiative.} 29. Nf4 {[#]} d4 $1 {[%mdl 512]} 30. exd4 (30. Qxd4 Bxf4) 30... Bxf4 $1 31. gxf4 Qh4 32. Rc2 {[#]} (32. Qf3 $142) 32... Qf6 $1 $19 (32... Qxf4 33. Nb4 $17) 33. Rxc4 Nd6 {And now ...Bxg2 would win.} ({Don't take} 33... Qxf4 34. Qc2 $17) 34. Rc6 Bxc6 ({Weaker is} 34... Qxf4 35. Rxd6 Rxd6 36. Bxb7 $15) 35. bxc6 {[#]} Qxf4 $2 (35... Nc8 $1 $19 {and Black stays clearly on top.} 36. Qg4 Qxd4) 36. d5 $2 (36. Nb4 $17) 36... Ra8 37. Qd3 Re8 {Hoping for ...Re1+.} ({Not} 37... Nc4 38. c7 $17) 38. Qc3 $2 (38. Qd1) 38... Qa4 $2 (38... Re2 39. Qg3 Re1+ 40. Bf1 Qc4) 39. Bf1 Qd1 {aiming for ...Re4.} 40. Qd3 (40. c7 $142) 40... Qc1 41. Nb4 {and the idea Nc2 leaves White hopeful.} Re5 42. h4 (42. Qh3 $142) 42... Re4 43. Nc2 Rg4+ (43... Rxh4 $2 44. Ne3 $19) 0-1

[Event "32nd Reykjavik Open 2017"]
[Site "Reykjavik"]
[Date "2017.04.26"]
[Round "9"]
[White "Bailet, Pierre"]
[Black "Henderson de La Fuente, Lance"]
[Result "1/2-1/2"]
[WhiteElo "2510"]
[BlackElo "2372"]
[Annotator "TA"]
[PlyCount "140"]
[EventDate "2017.??.??"]
[EventType "swiss"]
[EventCountry "ISL"]
[SourceTitle "playchess.com"]
[Source "ChessBase"]
[SourceQuality "1"]

{[%evp 16,140,20,10,27,-18,24,33,26,33,31,19,26,12,0,0,43,43,43,22,29,0,0,0,0,0,0,0,9,0,0,-8,-8,-8,31,33,18,10,15,18,14,8,15,3,9,6,8,13,14,-19,-21,-158,-169,-240,-240,-227,-227,-245,-245,-241,-252,-251,-229,-318,-318,-322,-322,-329,-329,-403,-409,-353,-363,-391,-397,-381,-295,-303,-295,-303,-277,-324,-208,-208,-208,-216,-215,-234,-203,-236,-232,-230,-230,-229,-216,-186,-147,-147,-147,-147,-147,-147,-146,-146,-146,-147,-147,-147,-147,-147,-146,-146,-146,-146,-146,-147,-146,-146,-146,-146,-146,-146,-146,-146,-146,-176,-176]} 1. c4 Nf6 2. g3 e5 3. Bg2 Bc5 4. Nc3 Nc6 5. a3 a6 6. e3 O-O 7. Nge2 d6 8. O-O Ba7 9. h3 {LiveBook: 14 Games. A22: English Opening: 1...e5 2 Nc3 Nf6} Ne7 ({Relevant:} 9... Re8 10. d4 h6 11. Kh2 Bd7 12. b4 Qc8 13. Bb2 exd4 14. exd4 {½-½ (33) Laznicka,V (2676)-Adams,M (2742) Baku 2015}) 10. b4 d5 $146 ({Predecessor:} 10... Be6 11. d3 c6 12. Kh2 h5 13. Bb2 Qc7 14. Qd2 Rfd8 15. e4 h4 16. f4 hxg3+ 17. Nxg3 exf4 18. Rxf4 {1-0 (29) Gonzalez Freixas,A (2524)-Cardelli,G (2443) ICCF email 2008}) 11. cxd5 {White has an edge.} Nexd5 12. Nxd5 Nxd5 13. Bb2 Re8 14. Qc2 c6 15. d4 exd4 16. Nxd4 Qg5 17. h4 Qh5 18. Qb3 Bg4 19. Rfe1 Rad8 20. a4 Nc7 21. Rac1 Qg6 22. Qc4 h5 23. Bf1 Qd6 24. Bg2 Bb6 25. Nb3 Qd3 26. Nc5 Qxc4 27. Rxc4 Bxc5 28. bxc5 Rd2 29. Bd4 a5 30. Rb1 Rd1+ 31. Rxd1 Bxd1 32. Bc3 Bb3 $36 {[%mdl 2048] Black has the initiative.} 33. Rf4 (33. Rd4 $1 $11 {remains equal.}) 33... Ne6 $17 34. Re4 {[#]} (34. Rf5 $142) 34... Bc2 $1 $19 35. Re5 {[#]} f6 $1 {[%cal Rf6e5]} (35... Bxa4 36. Bxa5 (36. Rxh5 $2 f6 37. Be4 Nf8 $19) 36... g6 37. Bh3 $11) 36. Rxe6 ({Don't consider} 36. Rxh5 $2 g6 37. Rd5 (37. Rh6 $2 Kg7 38. Rxg6+ Kxg6 $19) 37... cxd5 $19) 36... Rxe6 {[%mdl 4096] Endgame KRB-KB} 37. Bh3 Re7 38. Bxa5 Bxa4 39. Bd8 Re5 40. Bb6 Bd1 41. Bg2 g5 42. hxg5 fxg5 (42... Rxg5 $2 43. Kf1 $19) 43. Kf1 g4 44. Ke1 Bf3 45. Bf1 Kf8 46. Bc4 Ke7 47. Kd2 Kd7 48. Kc3 {[#]} h4 $1 49. gxh4 {Black is clearly better.} Rh5 50. Bd3 Bd5 ({Don't play} 50... Rxh4 51. Bf5+ Ke7 52. Bc7 $17) 51. Kd4 Rxh4 52. Ke5 Be6 {Strongly threatening ...Rh2.} 53. Kf4 Rh2 54. f3 Rf2 55. Be4 gxf3 56. Bxf3 Bc4 57. Kg3 Rf1 58. e4 Bd3 59. Bg2 Rf7 60. Bh3+ Ke7 61. Bf5 Bc4 62. Bg4 Be6 63. Bf3 Kd7 64. Bh5 Rf1 65. Bf3 Rb1 66. Kf4 Rb3 67. Be2 Rb2 68. Bf3 Rc2 69. Ke5 Rf2 70. Bh5 Rh2 1/2-1/2

[Event "32nd Reykjavik Open 2017"]
[Site "Reykjavik"]
[Date "2017.04.26"]
[Round "9"]
[White "Perelshteyn, Eugene"]
[Black "Kamsky, Gata"]
[Result "0-1"]
[WhiteElo "2509"]
[BlackElo "2668"]
[Annotator "TA"]
[PlyCount "106"]
[EventDate "2017.??.??"]
[EventType "swiss"]
[EventCountry "ISL"]
[SourceTitle "playchess.com"]
[Source "ChessBase"]
[SourceQuality "1"]

{[%evp 18,106,39,45,36,37,60,55,52,47,62,48,56,37,52,54,37,10,50,0,1,-22,-25,-60,-57,-53,-6,-6,0,0,0,0,14,-5,-9,-5,-6,-58,-41,-54,-29,-34,-44,-39,-38,-33,-31,-66,-64,-115,-108,-99,-115,-102,-103,-102,-115,-135,-135,-129,-130,-122,-117,-141,-124,-123,-123,-123,-114,-146,-149,-216,-224,-215,-207,-206,-206,-183,-169,-213,-190,-327,-112,-123,-61,-61,-61,-381,-374,-374,-346]} 1. e4 c5 2. Nf3 Nc6 3. d4 cxd4 4. Nxd4 Qb6 5. Nb3 Nf6 6. Nc3 e6 7. Bd3 a6 8. Be3 Qc7 9. f4 d6 10. Qf3 b5 {B33: Sicilian: Pelikan and Sveshnikov Variations} 11. g4 Nb4 12. a3 (12. g5 $5 {looks sharper.} Nd7 13. O-O Bb7 14. a4 bxa4 15. Rxa4 d5 16. Na5) 12... Nxd3+ {White is slightly better.} 13. cxd3 Bb7 14. Rc1 {Threatens to win with g5.} Qd8 15. O-O Be7 16. Nd4 g6 $146 (16... O-O 17. b4 Rc8 18. Rc2 {0-1 (43) Zarnicki,P (2520)-Kurajica,B (2585) Linares 1995}) 17. b4 Rc8 18. Nde2 Nd7 19. Bd4 O-O 20. f5 {aiming for f6.} Bg5 21. Rcd1 Bf6 22. Bxf6 Qxf6 23. fxe6 Qxe6 {next ...Ne5 is good for Black.} 24. Nf4 Qf6 25. Nfd5 $132 {[%mdl 2048] White is not keeping still (2)} Qxf3 (25... Qd4+ $5 26. Qf2 $8 Qxf2+ 27. Kxf2 Bxd5 28. Nxd5 Rc2+ 29. Kg3 Kg7 $11) 26. Rxf3 {With the idea Ne7+.} Kg7 27. Rdf1 (27. Rff1 $11) 27... Ne5 $15 28. Rg3 $1 h6 29. h3 Bxd5 30. Nxd5 Rc2 31. d4 Nc4 32. Rgf3 Re2 $1 ({And not} 32... Rd2 33. Nc7 $16) 33. Nc3 (33. Rf4 $15) 33... Rd2 $17 34. Rd1 Rxd1+ 35. Nxd1 {[%mdl 4096] Endgame KRN-KRN} Nd2 36. Rc3 Nxe4 37. Rc6 f5 38. gxf5 Rxf5 39. Nc3 Nxc3 40. Rxc3 {KR-KR} Rf4 41. Rc6 Rxd4 42. Rxa6 Kf6 43. Ra5 Rd5 44. a4 (44. Kf2 $17) 44... Rg5+ $19 45. Kf2 bxa4 46. Rxa4 Rb5 47. Kf3 Ke6 48. h4 {[#]} Kd5 $1 49. Kf4 {[#]} (49. Kf2 {might work better.}) 49... Rb6 $2 (49... Kc4 $1 $19 {is more deadly.} 50. Ra8 Rf5+ 51. Ke3 Re5+ 52. Kf4 Kxb4) 50. Ke3 $17 Kc4 (50... Ke6 $17 51. Kd2 g5 52. hxg5 hxg5) 51. b5+ $15 Kc5 52. Ra8 $2 {[%mdl 8192]} (52. h5 $1 $15) 52... Rxb5 $19 53. Rg8 Rb4 0-1

[Event "32nd Reykjavik Open 2017"]
[Site "Reykjavik"]
[Date "2017.04.26"]
[Round "9"]
[White "Firat, Burak"]
[Black "Landa, Konstantin"]
[Result "1/2-1/2"]
[WhiteElo "2503"]
[BlackElo "2611"]
[Annotator "TA"]
[PlyCount "65"]
[EventDate "2017.??.??"]
[EventType "swiss"]
[EventCountry "ISL"]
[SourceTitle "playchess.com"]
[Source "ChessBase"]
[SourceQuality "1"]

{[%evp 7,65,25,28,22,25,25,25,27,27,25,25,24,28,29,29,26,24,18,25,0,9,1,0,-29,-27,-18,0,0,28,0,0,0,0,-44,-25,-29,0,0,13,16,12,1,9,4,71,75,42,0,0,0,0,-4,29,0,0,0,34,0,0,0]} 1. d4 d5 2. c4 e6 3. Nc3 a6 4. cxd5 exd5 5. Bf4 {D31: Queen's Gambit Declined: Semi-Slav without ...Nf6 (+ Marshall Gambit and Noteboom) and Exchange Variation lines without ...Nf6} ({Much worse is} 5. e4 dxe4 6. Bc4 (6. Nxe4 Qe7 7. Qe2 Bf5 $15) 6... Nf6 $15) 5... c6 (5... Nf6 6. e3 Bd6 7. Bg5 c6 8. Bd3 O-O 9. Qc2 h6 10. Bh4 Be6 11. Nge2 Re8 12. O-O-O Nbd7 {1-0 (48) Salem,A (2656)-Vitiugov,N (2726) Doha 2016}) 6. e3 Bd6 7. Bxd6 {White has an edge.} Qxd6 8. Bd3 Ne7 9. Nge2 Bf5 10. Bxf5 Nxf5 11. Qc2 g6 12. O-O-O $146 (12. e4 dxe4 13. Nxe4 {½-½ (44) Castellet Giralt,G (2180)-Ramirez Garcia,J (2293) Barcelona 2015}) 12... Nd7 13. g4 Ne7 14. Nf4 h5 15. f3 hxg4 16. fxg4 O-O-O 17. h4 {[%cal Bh2h4,Bh4h5][%mdl 32]} Rdg8 18. h5 g5 19. Nd3 f5 20. Kb1 fxg4 21. e4 Rh6 22. Qg2 g3 23. e5 Qe6 24. Qxg3 Nf5 25. Qg4 $1 Ne3 (25... Nh4 $11 26. Qxe6 Rxe6) 26. Qxe6 $16 Rxe6 27. Rdg1 Rh6 28. Ne2 Nf8 29. Ng3 {[#] Hoping for Re1.} Rgh8 30. Re1 Ng2 $1 {[%cal Rg2e1]} 31. Reg1 Ne3 32. Re1 Ng2 $1 {[%cal Rg2e1]} 33. Reg1 1/2-1/2

[Event "32nd Reykjavik Open 2017"]
[Site "Reykjavik"]
[Date "2017.04.26"]
[Round "9"]
[White "Panchanathan, Magesh Chandran"]
[Black "Pigott, John C"]
[Result "0-1"]
[WhiteElo "2494"]
[BlackElo "2381"]
[Annotator "TA"]
[PlyCount "56"]
[EventDate "2017.??.??"]
[EventType "swiss"]
[EventCountry "ISL"]
[SourceTitle "playchess.com"]
[Source "ChessBase"]
[SourceQuality "1"]

{[%evp 15,56,24,10,-43,-52,-56,-50,-61,-41,-51,-7,-14,5,-26,0,-2,27,-52,-54,-65,-52,-58,-50,-74,-70,-121,-128,-288,-295,-288,-277,-280,-264,-512,-510,-611,-617,-596,-580,-668,-660,-1078,-1071]} 1. d4 Nf6 2. Nf3 g6 3. g3 Bg7 4. Bg2 d5 5. O-O O-O 6. c4 c6 7. b3 dxc4 8. bxc4 c5 {LiveBook: 118 Games. D78: Fianchetto Grünfeld: 6 0-0 c6} 9. Nc3 (9. e3 $11) (9. Bb2 Qb6 10. Qc1 cxd4 11. Nxd4 Nc6 12. Nxc6 bxc6 13. Nd2 Bf5 14. Nb3 Rfd8 15. Be5 a5 16. c5 Qa6 17. Qb2 Qb7 18. Qa3 Be4 19. Rfd1 Rxd1+ 20. Rxd1 Bxg2 21. Kxg2 {½-½ (30) Harikrishna,P (2758)-Svidler,P (2741) Shenzhen 2017}) 9... Nc6 $15 {[%cal Rc5d4]} 10. d5 $146 (10. dxc5 {[#]} Ne4 $1 {[%mdl 512]} 11. Nxe4 Qxd1 12. Rxd1 Bxa1 $17) (10. e3 Ne8 11. Ba3 Qa5 12. Qb3 cxd4 13. exd4 {0-1 (20) Fritz,A (2117)-Gutzmann,T (2076) Tylosand 2012}) 10... Na5 $1 {Black is slightly better.} (10... Nxd5 $6 11. cxd5 Bxc3 12. Bh6 $14) 11. Bf4 Nxc4 12. Qd3 Na5 {[%cal Bc4a5,Ba5c6,Bc6b4][%mdl 32]} 13. e4 e6 14. d6 Nc6 15. e5 Nh5 16. Ne4 ({Better is} 16. Be3 $11 Nxe5 17. Nxe5 Bxe5 18. Rfd1 (18. Bxc5 Qa5 19. Bd4 Bxd6 $11)) 16... Nxf4 17. gxf4 Nb4 18. Qd2 b6 19. Nfg5 Rb8 20. Nc3 (20. a4 $15) 20... f6 $36 {[%mdl 2048] Black has strong initiative.} 21. a3 $2 (21. exf6 $17 {was forced.} Qxf6 22. Ne2) 21... fxg5 $19 22. axb4 gxf4 {[%cal Bg5f4,Bf4f3,Bf3g2][%mdl 32] [#] aiming for ...f3.} (22... cxb4 23. Nd5 exd5 24. Qxd5+ Kh8 25. Rxa7 $19) 23. bxc5 (23. Rxa7 f3 24. Bxf3 Rxf3 $19) 23... f3 ({Not} 23... Bxe5 24. Rfe1 (24. Rxa7 Qf6 25. d7 Bb7 26. Rxb7 Bxc3 $15) 24... Bxc3 25. Qxc3 bxc5 26. Rxa7 $11) 24. c6 $2 (24. Rfe1 bxc5 25. d7) 24... Bxe5 {And now ...Qh4 would win.Black is clearly winning.} ({And not} 24... fxg2 25. c7 gxf1=R+ 26. Rxf1 $11) 25. Ra4 {Threatens to win with c7.} fxg2 26. Rd1 {intending c7.} Qf6 (26... Bxc3 $2 27. Qxc3 Bd7 28. cxd7 (28. Rxa7 $2 Rc8 29. Rc7 Qh4 $19) 28... Qxd7 29. Re4 $19) 27. Nb5 a6 {[%cal Ba7a6,Ba6b5][%mdl 32]} 28. f4 axb5 0-1

[Event "32nd Reykjavik Open 2017"]
[Site "Reykjavik"]
[Date "2017.04.26"]
[Round "9"]
[White "Kunte, Abhijit"]
[Black "Beliavsky, Alexander G"]
[Result "1-0"]
[WhiteElo "2491"]
[BlackElo "2597"]
[Annotator "TA"]
[PlyCount "67"]
[EventDate "2017.??.??"]
[EventType "swiss"]
[EventCountry "ISL"]
[SourceTitle "playchess.com"]
[Source "ChessBase"]
[SourceQuality "1"]

{[%evp 15,67,12,19,15,24,12,25,11,22,14,11,20,16,16,25,13,15,0,19,10,14,10,16,10,20,26,43,46,35,16,27,14,14,15,15,14,16,11,48,43,54,20,20,20,20,20,22,0,0,0,4,5,4,0]} 1. Nf3 d5 2. g3 g6 3. Bg2 Bg7 4. d4 Nf6 5. c4 c6 6. cxd5 cxd5 7. O-O O-O 8. Nc3 b6 9. b3 {D79: Fianchetto Grünfeld: Symmetrical Variation (6 0-0 c6 7 cxd5 cxd5)} (9. Ne5 Bb7 10. Bf4 e6 11. Qd2 Nc6 12. Nxc6 Bxc6 13. Be5 Qe7 14. Rac1 Rfd8 15. Rc2 Ne8 16. Bxg7 Kxg7 17. Rfc1 Nd6 18. b3 {½-½ (42) Akopian,V (2648)-Giri,A (2784) Doha 2015}) 9... Bb7 10. Bb2 Nbd7 11. Rc1 {White has an edge.} a6 12. a4 $146 (12. Ne5 Rc8 13. Qd3 Re8 14. Rfd1 e6 15. Nxd7 Qxd7 16. Ba3 {½-½ (30) Ozols,K-Kuszelansky,M Hobart 1953}) 12... e6 13. Ba3 Re8 14. e3 Rc8 15. Qe2 Bf8 16. Qb2 Nb8 17. Ne5 Nc6 18. Nxc6 Bxc6 (18... Bxa3 $5 {feels hotter.} 19. Qxa3 Rxc6 20. Na2 a5 21. Rxc6 Bxc6 22. Rc1 Qd7) 19. Rc2 Bd6 20. Rfc1 Qe7 21. Bxd6 Qxd6 22. Na2 Kg7 23. b4 Bd7 24. Rxc8 Rxc8 25. Rxc8 Bxc8 26. a5 Ng8 27. Qc3 Ne7 28. Bf1 bxa5 {The position is equal.} 29. bxa5 Nc6 $1 30. Nc1 Bb7 31. Nd3 {Hoping for Nc5.} Qd8 32. Nc5 Qxa5 33. Qxa5 Nxa5 34. Bxa6 {[%mdl 32768] Loss on Time!?} 1-0

[Event "32nd Reykjavik Open 2017"]
[Site "Reykjavik"]
[Date "2017.04.26"]
[Round "9"]
[White "Kjartansson, Gudmundur"]
[Black "Kavutskiy, Konstantin"]
[Result "0-1"]
[WhiteElo "2468"]
[BlackElo "2347"]
[Annotator "TA"]
[PlyCount "62"]
[EventDate "2017.??.??"]
[EventType "swiss"]
[EventCountry "ISL"]
[SourceTitle "playchess.com"]
[Source "ChessBase"]
[SourceQuality "1"]

{[%evp 36,62,72,34,44,37,41,37,41,37,95,0,0,0,0,0,0,-294,-251,-285,-288,-292,-254,-29987,-29988,-29988,-29989,-29994,-29995]} 1. d4 Nf6 2. c4 g6 3. Nc3 Bg7 4. e4 d6 5. Nf3 {[%cal Bg1f3,Bf3e1,Be1d3][%mdl 32]} O-O 6. Be2 e5 7. O-O Nc6 8. d5 Ne7 9. Ne1 Nd7 10. Be3 f5 11. f3 f4 12. Bf2 g5 13. Nd3 Ng6 14. c5 Nf6 15. Rc1 Rf7 16. Kh1 {E99: King's Indian: Classical Main Line: 9 Ne1 Nd7 10 f3 f5} h5 17. Nb5 (17. cxd6 cxd6 18. Nb5 a6 19. Na3 b5 20. Rc6 g4 21. Qc2 Qf8 22. Rc1 Bd7 23. Rc7 Bh6 {0-1 (39) So,W (2779)-Nakamura,H (2814) Saint Louis 2015}) 17... g4 18. cxd6 cxd6 19. Qc2 {LiveBook: 4 Games. Black must now prevent Nc7.} Ne8 20. Nxa7 Bd7 21. Qb3 g3 {Strongly threatening ...Qh4.} 22. Bg1 (22. hxg3 fxg3 23. Bxg3 Rxa7 $17) 22... Bf8 $146 (22... gxh2 $14 23. Bf2 Bf6) (22... Bh3 23. Ne1 Bxg2+ 24. Nxg2 {1-0 (41) Batchuluun,T (2460)-El Jawich,A (2241) Abu Dhabi 2016}) 23. Rfd1 (23. Qxb7 Bh3 24. Qc6 Nh4 $11) ({White should play} 23. Qb6 $16) 23... gxh2 $11 24. Bf2 h4 {[%cal Bh5h4,Bh4h3][%mdl 32]} 25. Kxh2 Qg5 {...h3! is the strong threat.} 26. Qxb7 $2 {[%mdl 8192] [#]} (26. Rg1 $1 $11 {and White is okay.} Rxa7 27. Bxa7 Qg3+ 28. Kh1) 26... h3 $1 $19 {[%csl Gh3][%cal Rg5g2]} ({Stronger than} 26... Bh3 27. Qxf7+ Kxf7 28. gxh3 Rxa7 29. Bxa7 $11) 27. g4 ({But not} 27. gxh3 {[#]} Bxh3 $1 {[%mdl 512]} 28. Rg1 Qh5 29. Rxg6+ (29. Nxf4 $2 exf4 30. Rxg6+ Qxg6 $19) 29... Qxg6 $19) 27... fxg3+ $1 28. Bxg3 Qe3 $1 {[%csl LRa7,LRe2]} 29. Qxa8 $2 (29. Re1 $19 Rxa7 30. Qb3) 29... Qxe2+ {Black mates.} 30. Nf2 Rxf3 31. Rf1 {[#]} Rxg3 $1 {[%mdl 512]} 0-1

[Event "32nd Reykjavik Open 2017"]
[Site "Reykjavik"]
[Date "2017.04.26"]
[Round "9"]
[White "Saptarshi, Roy"]
[Black "Kleinman, Michael"]
[Result "0-1"]
[WhiteElo "2425"]
[BlackElo "2289"]
[Annotator "TA"]
[PlyCount "84"]
[EventDate "2017.??.??"]
[EventType "swiss"]
[EventCountry "ISL"]
[SourceTitle "playchess.com"]
[Source "ChessBase"]
[SourceQuality "1"]

{[%evp 14,84,31,18,46,44,22,18,13,0,0,0,7,-34,-21,-46,-47,-148,-66,-76,-87,-80,-81,-149,-102,-138,-128,-133,-128,-132,-129,-125,-118,-142,-116,-156,-132,-118,-126,-133,-120,-152,-125,-220,-164,-172,-172,-176,-173,-162,-164,-166,-162,-1149,-1146,-850,-503,-486,-452,-937,-777,-4998,-4453,-29991,-4810,-29996,-1285,-1025,0,-29996,-29997,-29997,-29998]} 1. e4 c5 2. Nf3 e6 3. d4 cxd4 4. Nxd4 Nc6 5. Nc3 Qc7 6. Be3 a6 7. Qd2 Nf6 8. O-O-O Be7 {B48: Sicilian: Taimanov: 5 Nc3 Qc7 6 Be3 a6 without Be2} 9. f3 b5 10. g4 {[%cal Bg2g4,Bg4g5][%mdl 32]} Nxd4 {The position is equal.} 11. Qxd4 (11. Bxd4 Bb7 12. Kb1 O-O 13. h4 b4 14. Na4 d5 15. e5 Nd7 16. Qe3 {1-0 (40) Caruana,F (2817)-Pichot,A (2556) chess.com INT 2017}) 11... Bb7 $1 12. g5 Nh5 $1 13. Ne2 Rc8 {[%csl Gc8][%cal Rc7c2]} 14. Qd2 d5 $1 {[%cal Rd5e4]} 15. f4 $146 ({White should try} 15. e5 $15) (15. e5 d4 16. Nxd4 {½-½ (42) Bauer,C (2622)-Lopez Martinez,J (2543) Linares 2013}) 15... d4 (15... O-O $17 16. Bg2 dxe4) 16. Nxd4 $15 Bxe4 17. Rg1 O-O {Hoping for ...Bc5.} 18. Kb1 (18. Bg2 $142 Bxg2 19. Rxg2) 18... Bc5 19. Bd3 Bxd3 20. cxd3 Bxd4 21. Bxd4 Qxf4 22. Be3 Qf3 23. Rdf1 Qd5 24. Rg4 Rfd8 25. Rd4 Qb7 26. Qf2 e5 27. Rh4 g6 (27... Rxd3 28. Rxh5 Qd5 29. b4 (29. Qe2 $2 Qe4 30. Ka1 Rxe3 $19)) 28. d4 (28. Re4 $17) 28... Ng7 {And now ...Nf5 would win.} 29. dxe5 Nf5 30. Rf4 Qd5 31. Bc1 Qd3+ 32. Ka1 Rc2 $40 {[%mdl 128] Black is out for blood.} 33. Qb6 $2 (33. Qf3) 33... Rdc8 $19 ({Less strong is} 33... Rxh2 34. e6 Qd6 35. exf7+ Kxf7 36. Qxd6 Rxd6 37. R4f3 $17) 34. Qg1 Qd5 35. e6 fxe6 ({Not} 35... Qxe6 36. Kb1 $19) 36. a3 (36. R4f2 $142 Nd4 37. Bd2) 36... a5 37. Kb1 Qd3 {( -> ...Rxc1+)} 38. Ka2 {[#]} b4 $1 {[%mdl 512]} (38... R8c3 $142 39. Qc5 Rxc5 40. R4f3 Qd5+ 41. Kb1 Qe4 42. Ka2 Rxc1 43. Rd1 Rxd1 44. Rd3 Qxd3 45. a4 bxa4 46. h4 Qb3#) 39. a4 (39. axb4 axb4) 39... Qd5+ (39... R8c3 $142 40. Ka1 {[#]} Ra3+ $1 {[%mdl 512]} 41. bxa3 Qb3 42. axb4 Ra2#) 40. Kb1 Qd3 (40... Rg2 $19 41. Qh1 e5) 41. Ka2 $1 R8c3 42. Ka1 {[#]} Ra3+ $1 {[%mdl 512]} 0-1

[Event "32nd Reykjavik Open 2017"]
[Site "Reykjavik"]
[Date "2017.04.26"]
[Round "9"]
[White "Ahlander, Bjorn"]
[Black "Donchenko, Alexander"]
[Result "1/2-1/2"]
[WhiteElo "2416"]
[BlackElo "2554"]
[Annotator "TA"]
[PlyCount "78"]
[EventDate "2017.??.??"]
[EventType "swiss"]
[EventCountry "ISL"]
[SourceTitle "playchess.com"]
[Source "ChessBase"]
[SourceQuality "1"]

{[%evp 18,78,41,37,43,39,53,41,39,43,59,56,59,33,33,25,55,53,52,46,53,43,52,50,74,52,63,75,104,101,139,106,105,106,99,23,18,23,20,18,25,38,42,24,31,-103,89,92,84,0,52,0,69,0,120,120,139,89,92,0,0,0,0]} 1. d4 Nf6 2. c4 c5 3. d5 e6 4. Nc3 exd5 5. cxd5 d6 6. Nf3 g6 7. Bf4 a6 8. a4 Bg7 9. h3 O-O 10. e3 Qe7 {A61: Modern Benoni: Nf3 without early e4} (10... Re8 11. Bd3 Nh5 12. Bh2 Nd7 13. Be2 f5 14. O-O Bf8 15. Rb1 Nhf6 16. Ng5 Ne5 17. b4 b6 18. Qb3 {½-½ (30) Gelfand,B (2740)-Iordachescu,V (2581) Civitanova Marche 2016}) 11. Be2 Nbd7 12. O-O Ne8 {White is slightly better.} 13. Re1 Nc7 14. Bf1 Rb8 15. e4 {Threatens to win with e5!} Ne5 16. Nxe5 Bxe5 17. Qd2 $146 (17. Bxe5 Qxe5 18. Qd2 {1-0 (32) Bai,J (2507)-Quillan,G (2369) Gibraltar 2016}) 17... Bxf4 18. Qxf4 Re8 19. Rab1 {[%cal Ba1b1,Bb1b2,Bb2e2][%mdl 32]} Bd7 20. b4 b6 21. Rb2 a5 22. b5 f5 {[#]} 23. Rbe2 $1 g5 24. Qd2 {And now exf5 would win.} (24. exf5 gxf4 25. Rxe7 Bxf5 $11) 24... Qg7 25. exf5 {Strongly threatening Ne4.} Bxf5 26. Ne4 (26. Rxe8+ $16 Nxe8 27. Nd1) 26... Bxe4 $11 27. Rxe4 h6 28. h4 Rxe4 29. Rxe4 Rf8 30. hxg5 Qxg5 31. Re3 {[#]} (31. Qe2 $14 {stays ahead.} h5 32. Re3) 31... Kh8 $2 (31... Rf3 $1 $17 {[%mdl 512]}) 32. Qc3+ $16 Qf6 33. Qd2 {Rf3 is the strong threat.} Qg5 $1 ({Weaker is} 33... Nxd5 34. Rf3 (34. Rd3 Nf4 35. Rxd6 Ne2+ 36. Bxe2 Qxf2+ 37. Kh2 Qh4+ 38. Kg1 Qf2+ 39. Kh2 Qh4+ 40. Kg1 Qf2+ $11) 34... Nf4 35. g3 $18) 34. Qc3+ (34. Bc4 $14) 34... Qg7 ({Better is} 34... Qf6 $11) 35. Qd2 (35. Qe1 $14) 35... Rf5 (35... Qg5 $1 $11) 36. Rh3 Rg5 (36... Rxd5 $2 37. Rxh6+ Kg8 38. Bc4 Qa1+ 39. Kh2 Qe5+ 40. f4 $18) 37. Qe3 Qf6 38. Bd3 (38. Rf3 $16 Qg7 39. Qf4) 38... Kg7 39. Qe4 Nxd5 ({Don't capture} 39... Qa1+ $2 40. Bb1 Nxd5 41. Qh7+ Kf8 42. Qxh6+ Ke8 43. Qxg5 $18) 1/2-1/2